Vernon God Little : (Record no. 2888)

MARC details
000 -LEADER
fixed length control field 02311cam a2200361 a 4500
001 - CONTROL NUMBER
control field 2888
003 - CONTROL NUMBER IDENTIFIER
control field FISKH
005 - DATE AND TIME OF LATEST TRANSACTION
control field 20240123093920.0
008 - FIXED-LENGTH DATA ELEMENTS--GENERAL INFORMATION
fixed length control field 030404s2003 enk 000 1 eng
010 ## - LIBRARY OF CONGRESS CONTROL NUMBER
LC control number 2003430704
020 ## - INTERNATIONAL STANDARD BOOK NUMBER
International Standard Book Number 0571216420 (pbk.)
020 ## - INTERNATIONAL STANDARD BOOK NUMBER
International Standard Book Number 9780571216420
035 ## - SYSTEM CONTROL NUMBER
System control number (UkLWHE)e000600598
040 ## - CATALOGING SOURCE
Original cataloging agency DLC
Language of cataloging eng
Transcribing agency DLC
Modifying agency DLC
043 ## - GEOGRAPHIC AREA CODE
Geographic area code n-us-tx
050 00 - LIBRARY OF CONGRESS CALL NUMBER
Classification number PR9619.4.P54
Item number V47 2003
082 00 - DEWEY DECIMAL CLASSIFICATION NUMBER
Classification number 823/.92
Edition number 22
100 1# - MAIN ENTRY--PERSONAL NAME
Personal name Pierre, D. B. C.
245 10 - TITLE STATEMENT
Title Vernon God Little :
Remainder of title a 21st century comedy in the presence of death /
Statement of responsibility, etc. D.B.C. Pierre.
260 ## - PUBLICATION, DISTRIBUTION, ETC.
Place of publication, distribution, etc. London :
Name of publisher, distributor, etc. Faber and Faber,
Date of publication, distribution, etc. 2003.
300 ## - PHYSICAL DESCRIPTION
Extent 279 pages ;
Dimensions 24 cm
520 ## - SUMMARY, ETC.
Summary, etc. In the town jail of Martirio the barbecue sauce capital of Central Texas sits fifteen-year-old Vernon Little, dressed only in New Jack trainers and underpants. He is in trouble. His friend Jesus has just blown away sixteen of his classmates before turning the gun on himself. And Vernon, as his only buddy, has become the focus of the towns need for vengeance. The news of the tragedy has resulted in the quirky backwater being flooded with wannabe CNN hacks all-too-keen to claim their fifteen minutes and lay the blame for the killings at Vernon feet. In particular Eulalio Ledesma, who begins manipulating matters so that Vernon becomes the center for the bizarre and vengeful impulses of the townspeople of Martirio. But Vernon is sure he'll be ok. Why do movies end happy? Because they imitate life. You know it, I know it. Peopled by a cast of grotesques, freaks, coldblooded chattering housewives (who are all mysteriously, recently widowed), and one very special adolescent with an unfortunate talent for being in the wrong place at the right time, Vernon God Little is riotously funny and puts lust for vengeance, materialism, and trial by media squarely in the dock.
561 ## - OWNERSHIP AND CUSTODIAL HISTORY
Institution to which field applies DLC
650 #0 - SUBJECT ADDED ENTRY--TOPICAL TERM
Topical term or geographic name entry element High school students
Form subdivision Fiction.
650 #0 - SUBJECT ADDED ENTRY--TOPICAL TERM
Topical term or geographic name entry element School violence
Form subdivision Fiction.
650 #0 - SUBJECT ADDED ENTRY--TOPICAL TERM
Topical term or geographic name entry element Teenage boys
Form subdivision Fiction.
650 #0 - SUBJECT ADDED ENTRY--TOPICAL TERM
Topical term or geographic name entry element Massacres
Form subdivision Fiction.
651 #0 - SUBJECT ADDED ENTRY--GEOGRAPHIC NAME
Geographic name Texas
Form subdivision Fiction.
655 #7 - INDEX TERM--GENRE/FORM
Genre/form data or focus term Black humor (Literature)
Source of term gsafd
655 #7 - INDEX TERM--GENRE/FORM
Genre/form data or focus term Bildungsromans.
Source of term gsafd
906 ## - LOCAL DATA ELEMENT F, LDF (RLIN)
a 7
b cbc
c origres
d 3
e ncip
f 20
g y-gencatlg
942 ## - ADDED ENTRY ELEMENTS (KOHA)
Source of classification or shelving scheme Dewey Decimal Classification
Koha item type Books
Suppress in OPAC No
Holdings
Withdrawn status Lost status Source of classification or shelving scheme Damaged status Not for loan Collection Home library Current library Shelving location Date acquired Total Checkouts Full call number Barcode Date last seen Copy number Price effective from Koha item type
    Dewey Decimal Classification     Fiction Footprints International School Library Network Toul Kork Campus Footprints International School Library Network Toul Kork Campus   01/22/2024   PIE Fic PR9619.P54 FISSE03341 01/22/2024 1 01/22/2024 Books
    Dewey Decimal Classification     Fiction Footprints International School Library Network Toul Kork Campus Footprints International School Library Network Toul Kork Campus   01/23/2024   PIE Fic PR9619.P54 FISSE03310 01/23/2024 2 01/23/2024 Books